| 000 | 00865nam a22002657a 4500 | ||
|---|---|---|---|
| 003 | OSt | ||
| 005 | 20260530113914.0 | ||
| 008 | 260507b enka|||| |||| 00| 0 eng d | ||
| 020 | _a0863555527 | ||
| 040 |
_aICI _bspa _cICI |
||
| 050 |
_aNK1390 _bM94 1997 |
||
| 100 |
_aCampbell, Emily, _eauthor. _933894 |
||
| 245 |
_aMy world : _bthe new subjectivity in design / _cEmily Campbell. |
||
| 300 |
_a40 páginas : _bilustraciones a color ; |
||
| 650 | 0 |
_aDesign _xPsychological aspects. _933895 |
|
| 650 | 0 |
_aPostmodernism. _933896 |
|
| 650 | 0 |
_aSubjectivity. _933897 |
|
| 650 | 4 |
_aDiseño _xAspectos psicológicos. _933898 |
|
| 650 | 4 |
_aPosmodernismo. _933899 |
|
| 650 | 4 |
_aSubjetividad. _933900 |
|
| 650 | 4 |
_aDiseño contemporáneo. _933901 |
|
| 650 | 4 |
_aDiseño industrial _xAspectos culturales. _933902 |
|
| 655 | 4 |
_aLibros ilustrados. _933903 |
|
| 942 |
_2lcc _cBK _n1 |
||
| 999 |
_c12238 _d12238 |
||